000 00423nam a2200181Ia 4500
008 170918s9999 xx 000 0 und d
020 _a590897985
050 _bH587mu 1996
100 _aHesse, Karen
245 4 _aThe music of dolphins /
245 _cby Karen Hesse.
260 _aNew York :
260 _bScholastic,
260 _c1996
300 _a181 pages :
300 _billustrations ;
300 _c19cm.
999 _c343961
_d343961